[Event "RUS-ch Blitz Women 2018"]
[Site "Sochi"]
[Date "2018.10.07"]
[Round "19"]
[White "Potapova, Margarita"]
[Black "Solozhenkina, Elizaveta"]
[Result "0-1"]
[WhiteElo "2284"]
[BlackElo "2134"]
[Annotator "NA"]
[PlyCount "46"]
[EventDate "2018.10.07"]
[EventType "swiss"]
[EventCountry "RUS"]
[SourceTitle "playchess.com"]
[Source "ChessBase"]
[SourceQuality "1"]
[TimeControl "180+2"]

1. e4 {[%emt 0:00:00]} c5 {[%emt 0:00:00]} 2. Nc3 {[%emt 0:00:01]} d6 {[%emt 0:00:00]} 3. d4 {[%emt 0:00:00]} cxd4 {[%emt 0:00:00]} 4. Qxd4 {[%emt 0:00:01]} Nc6 {[%emt 0:00:09]} 5. Qd2 {[%emt 0:00:01]} g6 {[%emt 0:00:09]} 6. b3 {[%emt 0:00:01]} Bh6 {[%emt 0:00:02]} 7. f4 {[%emt 0:00:17]} Nf6 {[%emt 0:00:13]} 8. Bb2 {[%emt 0:00:14]} O-O {[%emt 0:00:11]} 9. O-O-O {[%emt 0:00:18]} e5 {[%emt 0:00:01]} 10. g3 {[%emt 0:00:18]} Bg4 {[%emt 0:00:33]} 11. Be2 {[%emt 0:00:03]} Nd4 {[%emt 0:00:19]} 12. Bxg4 {[%emt 0:00:06]} Nxg4 {[%emt 0:00:01]} 13. Nd5 {[%emt 0:00:03]} Ne6 {[%emt 0:01:14]} 14. Kb1 {[%emt 0:00:08]} Nc5 {[%emt 0:00:09]} 15. Qe2 {[%emt 0:00:07]} Nf6 {[%emt 0:00:06]} 16. fxe5 {[%emt 0:00:06]} dxe5 {[%emt 0:00:07]} 17. Bxe5 {[%emt 0:00:10]} Nxd5 {[%emt 0:00:10]} 18. Rxd5 {[%emt 0:00:02]} Qb6 {[%emt 0:00:04]} 19. Bd4 Rac8 20. Qf2 {[%emt 0:00:23]} Rfd8 {[%emt 0:00:05]} 21. Bxc5 {[%emt 0:00:10]} Rxd5 {[%emt 0:00:01]} 22. Bxb6 {[%emt 0:00:05]} Rd1+ {[%emt 0:00:01]} 23. Kb2 {[%emt 0:00:01]} Bc1+ {[%emt 0:00:00]} 0-1

[Event "RUS-ch Blitz Women 2018"]
[Site "Sochi"]
[Date "2018.10.07"]
[Round "19"]
[White "Kovanova, Baira"]
[Black "Nebolsina, Vera"]
[Result "1-0"]
[WhiteElo "2205"]
[BlackElo "2220"]
[Annotator "NA"]
[PlyCount "47"]
[EventDate "2018.10.07"]
[EventType "swiss"]
[EventCountry "RUS"]
[SourceTitle "playchess.com"]
[Source "ChessBase"]
[SourceQuality "1"]
[TimeControl "180+2"]

1. Nf3 {[%emt 0:00:00]} Nf6 {[%emt 0:00:00]} 2. g3 {[%emt 0:00:01]} g6 {[%emt 0:00:03]} 3. Bg2 {[%emt 0:00:01]} Bg7 {[%emt 0:00:02]} 4. O-O {[%emt 0:00:02]} O-O {[%emt 0:00:02]} 5. c4 {[%emt 0:00:01]} d6 {[%emt 0:00:07]} 6. Nc3 {[%emt 0:00:04]} e5 {[%emt 0:00:25]} 7. d3 {[%emt 0:00:01]} c6 {[%emt 0:00:11]} 8. h3 {[%emt 0:00:07]} h6 {[%emt 0:00:02]} 9. e4 {[%emt 0:00:05]} Be6 {[%emt 0:00:13]} 10. Be3 {[%emt 0:00:05]} Nbd7 {[%emt 0:00:09]} 11. b3 {[%emt 0:00:03]} d5 {[%emt 0:00:42]} 12. exd5 {[%emt 0:00:24]} cxd5 {[%emt 0:00:01]} 13. d4 {[%emt 0:00:01]} dxc4 {[%emt 0:00:21]} 14. d5 {[%emt 0:00:21]} Bf5 {[%emt 0:00:09]} 15. bxc4 {[%emt 0:00:01]} Rc8 {[%emt 0:00:06]} 16. g4 {[%emt 0:00:15]} Rxc4 17. Qb3 {[%emt 0:00:22]} Bd3 {[%emt 0:00:09]} 18. Rfd1 {[%emt 0:00:02]} e4 {[%emt 0:00:08]} 19. Rxd3 {[%emt 0:00:04]} exd3 {[%emt 0:00:03]} 20. Qxc4 {[%emt 0:00:02]} Nxd5 {[%emt 0:00:01]} 21. Qxd5 {[%emt 0:00:07]} Bxc3 {[%emt 0:00:02]} 22. Rd1 {[%emt 0:00:04]} Nf6 {[%emt 0:00:04]} 23. Qxd3 {[%emt 0:00:03]} Qa5 {[%emt 0:00:03]} 24. Bxh6 1-0

[Event "RUS-ch Blitz Women 2018"]
[Site "Sochi"]
[Date "2018.10.07"]
[Round "19"]
[White "Styazhkina, Anna"]
[Black "Vasilevich, Tatjana"]
[Result "0-1"]
[WhiteElo "2128"]
[BlackElo "2360"]
[Annotator "NA"]
[PlyCount "114"]
[EventDate "2018.10.07"]
[EventType "swiss"]
[EventCountry "RUS"]
[SourceTitle "playchess.com"]
[Source "ChessBase"]
[SourceQuality "1"]
[TimeControl "180+2"]

1. e4 {[%emt 0:00:01]} c5 {[%emt 0:00:00]} 2. Nf3 {[%emt 0:00:02]} e6 {[%emt 0:00:00]} 3. c4 {[%emt 0:00:02]} Nc6 {[%emt 0:00:00]} 4. Nc3 {[%emt 0:00:02]} Nd4 $11 {[%emt 0:00:02]} 5. d3 {[%emt 0:00:07]} g6 {[%emt 0:00:01]} 6. g3 {[%emt 0:00:05]} Bg7 {[%emt 0:00:01]} 7. Nxd4 {[%emt 0:00:05]} cxd4 {[%emt 0:00:15]} 8. Ne2 {[%emt 0:00:01]} e5 {[%emt 0:00:09]} 9. b3 {[%emt 0:00:09]} h5 {[%emt 0:00:17]} 10. Bg2 {[%emt 0:00:04]} h4 {[%emt 0:00:02]} 11. h3 hxg3 {[%emt 0:00:04]} 12. fxg3 {[%emt 0:00:04]} d6 {[%emt 0:00:05]} 13. Ng1 {[%emt 0:00:41]} Nf6 {[%emt 0:00:29]} 14. Qe2 {[%emt 0:00:10]} Nh5 {[%emt 0:00:14]} 15. Qf2 {[%emt 0:00:03]} Bf6 {[%emt 0:00:06]} 16. Nf3 {[%emt 0:00:05]} Be6 {[%emt 0:00:14]} 17. Bd2 {[%emt 0:00:41]} Be7 {[%emt 0:00:13]} 18. g4 {[%emt 0:00:24]} Nf6 {[%emt 0:00:17]} 19. Rf1 {[%emt 0:00:09]} Nh7 {[%emt 0:00:11]} 20. Ke2 {[%emt 0:00:14]} Ng5 {[%emt 0:00:09]} 21. Bxg5 {[%emt 0:00:10]} Bxg5 {[%emt 0:00:01]} 22. Nxg5 {[%emt 0:00:11]} Qxg5 {[%emt 0:00:01]} 23. Rac1 {[%emt 0:00:03]} b6 {[%emt 0:00:07]} 24. b4 {[%emt 0:00:02]} Rc8 {[%emt 0:00:06]} 25. b5 {[%emt 0:00:07]} Kf8 {[%emt 0:00:04]} 26. a4 {[%emt 0:00:02]} Kg7 {[%emt 0:00:07]} 27. Qg3 {[%emt 0:00:03]} f5 {[%emt 0:00:18]} 28. exf5 {[%emt 0:00:04]} gxf5 {[%emt 0:00:00]} 29. Rg1 {[%emt 0:00:02]} fxg4 {[%emt 0:00:11]} 30. hxg4 {[%emt 0:00:04]} Bxg4+ {[%emt 0:00:11]} 31. Qxg4 {[%emt 0:00:02]} Qxg4+ {[%emt 0:00:01]} 32. Bf3 {[%emt 0:00:00]} Qxg1 {[%emt 0:00:03]} 33. Rxg1+ {[%emt 0:00:01]} Kf6 {[%emt 0:00:00]} 34. Be4 {[%emt 0:00:03]} Rcg8 {[%emt 0:00:01]} 35. Rf1+ {[%emt 0:00:01]} Ke7 {[%emt 0:00:01]} 36. a5 {[%emt 0:00:02]} Rh2+ {[%emt 0:00:02]} 37. Kd1 {[%emt 0:00:01]} bxa5 {[%emt 0:00:01]} 38. Bd5 {[%emt 0:00:02]} Rg7 {[%emt 0:00:02]} 39. Kc1 {[%emt 0:00:03]} a4 {[%emt 0:00:01]} 40. Kb1 {[%emt 0:00:01]} a3 {[%emt 0:00:01]} 41. Ka1 Rgh7 {[%emt 0:00:04]} 42. Rg1 {[%emt 0:00:03]} Rf2 {[%emt 0:00:04]} 43. Rb1 {[%emt 0:00:04]} Rhh2 {[%emt 0:00:01]} 44. c5 {[%emt 0:00:02]} dxc5 {[%emt 0:00:02]} 45. Bc4 {[%emt 0:00:01]} Kd6 {[%emt 0:00:01]} 46. b6 {[%emt 0:00:02]} axb6 {[%emt 0:00:01]} 47. Rxb6+ {[%emt 0:00:01]} Kc7 {[%emt 0:00:00]} 48. Rb1 {[%emt 0:00:02]} Rd2 {[%emt 0:00:02]} 49. Re1 {[%emt 0:00:02]} Rhf2 {[%emt 0:00:01]} 50. Kb1 {[%emt 0:00:03]} Kb6 {[%emt 0:00:03]} 51. Ka1 {[%emt 0:00:01]} Ka5 {[%emt 0:00:01]} 52. Kb1 {[%emt 0:00:03]} Kb4 {[%emt 0:00:01]} 53. Ka1 {[%emt 0:00:01]} Kc3 {[%emt 0:00:01]} 54. Rc1+ {[%emt 0:00:02]} Rc2 {[%emt 0:00:01]} 55. Re1 {[%emt 0:00:02]} Kd2 {[%emt 0:00:03]} 56. Rh1 {[%emt 0:00:03]} Rc1+ {[%emt 0:00:01]} 57. Rxc1 {[%emt 0:00:02]} Kxc1 {[%emt 0:00:01]} 0-1

[Event "RUS-ch Blitz Women 2018"]
[Site "Sochi"]
[Date "2018.10.07"]
[Round "19"]
[White "Sirotkina, Nina"]
[Black "Vasilevich, Irina"]
[Result "0-1"]
[WhiteElo "2021"]
[BlackElo "2258"]
[Annotator "NA"]
[PlyCount "53"]
[EventDate "2018.10.07"]
[EventType "swiss"]
[EventCountry "RUS"]
[SourceTitle "playchess.com"]
[Source "ChessBase"]
[SourceQuality "1"]
[TimeControl "180+2"]

1. d4 {[%emt 0:00:00]} e6 {[%emt 0:00:00]} 2. Bf4 {[%emt 0:00:04]} c5 {[%emt 0:00:03]} 3. e3 {[%emt 0:00:04]} b6 {[%emt 0:00:01]} 4. Nf3 {[%emt 0:00:06]} Bb7 {[%emt 0:00:01]} 5. Be2 {[%emt 0:00:02]} Nf6 {[%emt 0:00:02]} 6. h3 {[%emt 0:00:02]} Be7 {[%emt 0:00:02]} 7. O-O {[%emt 0:00:02]} O-O {[%emt 0:00:03]} 8. c3 {[%emt 0:00:10]} d6 {[%emt 0:00:03]} 9. Nbd2 {[%emt 0:00:02]} Re8 {[%emt 0:00:05]} 10. Bd3 {[%emt 0:00:05]} Bf8 {[%emt 0:00:12]} 11. Bg5 {[%emt 0:00:19]} Nbd7 {[%emt 0:00:10]} 12. e4 {[%emt 0:00:08]} e5 {[%emt 0:00:11]} 13. dxe5 {[%emt 0:00:18]} dxe5 {[%emt 0:00:04]} 14. Qe2 {[%emt 0:00:08]} h6 {[%emt 0:00:08]} 15. Bh4 {[%emt 0:00:08]} Qc7 {[%emt 0:00:28]} 16. a4 {[%emt 0:00:03]} Rad8 {[%emt 0:00:05]} 17. Rfd1 {[%emt 0:00:14]} Be7 {[%emt 0:00:06]} 18. Nc4 {[%emt 0:00:07]} Nh5 {[%emt 0:00:45]} 19. Bxe7 {[%emt 0:00:13]} Rxe7 {[%emt 0:00:02]} 20. g3 {[%emt 0:00:02]} Nhf6 {[%emt 0:00:07]} 21. Ne3 {[%emt 0:00:13]} Nf8 {[%emt 0:00:18]} 22. Nf5 {[%emt 0:00:07]} Red7 {[%emt 0:00:03]} 23. Ne1 {[%emt 0:00:52]} c4 {[%emt 0:00:05]} 24. Bc2 {[%emt 0:00:09]} Rxd1 {[%emt 0:00:03]} 25. Rxd1 {[%emt 0:00:02]} Rxd1 {[%emt 0:00:01]} 26. Qxd1 {[%emt 0:00:06]} Bxe4 {[%emt 0:00:04]} 27. Bxe4 {[%emt 0:00:08]} 0-1

[Event "RUS-ch Blitz Women 2018"]
[Site "Sochi"]
[Date "2018.10.07"]
[Round "19"]
[White "Miroshnik, Ekaterina"]
[Black "Gritsayeva, Oksana"]
[Result "0-1"]
[WhiteElo "2016"]
[BlackElo "2378"]
[Annotator "NA"]
[PlyCount "58"]
[EventDate "2018.10.07"]
[EventType "swiss"]
[EventCountry "RUS"]
[SourceTitle "playchess.com"]
[Source "ChessBase"]
[SourceQuality "1"]
[TimeControl "180+2"]

1. d4 {[%emt 0:00:00]} Nf6 {[%emt 0:00:00]} 2. c4 {[%emt 0:00:02]} e6 {[%emt 0:00:02]} 3. Nf3 {[%emt 0:00:02]} c5 {[%emt 0:00:02]} 4. d5 {[%emt 0:00:02]} b5 $14 {[%emt 0:00:02]} 5. dxe6 {[%emt 0:00:24]} fxe6 {[%emt 0:00:01]} 6. cxb5 {[%emt 0:00:01]} a6 {[%emt 0:00:01]} 7. Nc3 {[%emt 0:00:07]} axb5 {[%emt 0:00:12]} 8. Nxb5 {[%emt 0:00:02]} Qa5+ {[%emt 0:00:03]} 9. Nc3 {[%emt 0:00:02]} d5 {[%emt 0:00:05]} 10. e3 {[%emt 0:00:01]} Bd6 {[%emt 0:00:09]} 11. Bb5+ {[%emt 0:00:07]} Bd7 {[%emt 0:00:22]} 12. Bxd7+ {[%emt 0:00:05]} Nbxd7 {[%emt 0:00:01]} 13. O-O {[%emt 0:00:04]} O-O {[%emt 0:00:03]} 14. Qc2 {[%emt 0:00:06]} Rfe8 {[%emt 0:00:33]} 15. b3 {[%emt 0:00:10]} e5 {[%emt 0:00:16]} 16. Nd2 {[%emt 0:00:21]} e4 {[%emt 0:00:11]} 17. Bb2 {[%emt 0:00:11]} Bb8 {[%emt 0:00:08]} 18. Na4 {[%emt 0:00:04]} Qc7 {[%emt 0:00:02]} 19. g3 {[%emt 0:00:08]} Qd6 {[%emt 0:00:07]} 20. Rfc1 {[%emt 0:00:14]} Ba7 {[%emt 0:00:01]} 21. Ba3 {[%emt 0:00:10]} Rac8 {[%emt 0:00:05]} 22. Qb2 {[%emt 0:00:26]} Ng4 {[%emt 0:00:04]} 23. Rc2 {[%emt 0:00:09]} Qh6 {[%emt 0:00:10]} 24. Nf1 {[%emt 0:00:01]} Nge5 {[%emt 0:00:10]} 25. Qc3 {[%emt 0:00:17]} Qh3 {[%emt 0:00:09]} 26. Rd1 {[%emt 0:00:14]} Nf3+ {[%emt 0:00:09]} 27. Kh1 {[%emt 0:00:01]} Re6 {[%emt 0:00:02]} 28. Rxd5 {[%emt 0:00:17]} Rh6 {[%emt 0:00:05]} 29. Rxd7 {[%emt 0:00:03]} Qxh2+ {[%emt 0:00:03]} 0-1

[Event "RUS-ch Blitz Women 2018"]
[Site "Sochi"]
[Date "2018.10.07"]
[Round "19"]
[White "Bulatova, Kamaliya"]
[Black "Vinokur, Yuliya"]
[Result "1-0"]
[WhiteElo "1926"]
[BlackElo "2170"]
[Annotator "NA"]
[PlyCount "54"]
[EventDate "2018.10.07"]
[EventType "swiss"]
[EventCountry "RUS"]
[SourceTitle "playchess.com"]
[Source "ChessBase"]
[SourceQuality "1"]
[TimeControl "180+2"]

1. d4 {[%emt 0:00:00]} d5 {[%emt 0:00:00]} 2. Bf4 {[%emt 0:00:00]} e6 {[%emt 0:00:03]} 3. e3 {[%emt 0:00:01]} c5 {[%emt 0:00:02]} 4. c3 {[%emt 0:00:01]} Nc6 {[%emt 0:00:04]} 5. Nd2 {[%emt 0:00:01]} Bd6 {[%emt 0:00:17]} 6. Bxd6 {[%emt 0:00:08]} Qxd6 {[%emt 0:00:02]} 7. f4 {[%emt 0:00:02]} cxd4 {[%emt 0:00:06]} 8. cxd4 {[%emt 0:00:01]} Qb4 {[%emt 0:00:12]} 9. Qc2 {[%emt 0:00:32]} Bd7 {[%emt 0:00:06]} 10. a3 {[%emt 0:00:01]} Qa5 {[%emt 0:00:01]} 11. Ngf3 {[%emt 0:00:09]} Rc8 {[%emt 0:00:02]} 12. Qd1 {[%emt 0:00:01]} Nf6 {[%emt 0:00:08]} 13. Bd3 {[%emt 0:00:01]} O-O {[%emt 0:00:15]} 14. O-O {[%emt 0:00:02]} b5 {[%emt 0:00:03]} 15. Ne5 {[%emt 0:00:05]} b4 {[%emt 0:00:11]} 16. Nb3 {[%emt 0:00:14]} Qb6 {[%emt 0:00:01]} 17. Nc5 {[%emt 0:00:05]} Rfd8 {[%emt 0:00:14]} 18. Qe2 {[%emt 0:00:32]} Ne7 {[%emt 0:00:14]} 19. Ncxd7 {[%emt 0:00:11]} Nxd7 {[%emt 0:00:01]} 20. Bxh7+ {[%emt 0:00:05]} Kf8 {[%emt 0:00:44]} 21. Bd3 {[%emt 0:00:10]} Nxe5 {[%emt 0:00:17]} 22. fxe5 {[%emt 0:00:02]} Ng8 {[%emt 0:00:01]} 23. axb4 {[%emt 0:00:12]} Rd7 {[%emt 0:00:01]} 24. b5 {[%emt 0:00:05]} Rcc7 {[%emt 0:00:09]} 25. Ra6 {[%emt 0:00:02]} Qb8 {[%emt 0:00:01]} 26. Rxe6 {[%emt 0:00:03]} Re7 {[%emt 0:00:05]} 27. Rxe7 {[%emt 0:00:05]} Rxe7 {[%emt 0:00:04]} 1-0

[Event "RUS-ch Blitz Women 2018"]
[Site "Sochi"]
[Date "2018.10.07"]
[Round "20"]
[White "Kashlinskaya, Alina"]
[Black "Maltsevskaya, Aleksandra"]
[Result "0-1"]
[WhiteElo "2447"]
[BlackElo "2290"]
[Annotator "NA"]
[PlyCount "80"]
[EventDate "2018.10.07"]
[EventType "swiss"]
[EventCountry "RUS"]
[SourceTitle "playchess.com"]
[Source "ChessBase"]
[SourceQuality "1"]
[TimeControl "180+2"]

1. d4 {[%emt 0:00:00]} Nf6 {[%emt 0:00:00]} 2. c4 {[%emt 0:00:00]} b6 3. f3 Nc6 {[%emt 0:00:05]} 4. Nc3 {[%emt 0:00:01]} e5 {[%emt 0:00:07]} 5. d5 {[%emt 0:00:01]} Ne7 {[%emt 0:00:01]} 6. e4 {[%emt 0:00:01]} Ng6 {[%emt 0:00:04]} 7. Be3 {[%emt 0:00:01]} Bc5 {[%emt 0:00:05]} 8. Qd2 {[%emt 0:00:01]} d6 {[%emt 0:00:02]} 9. Na4 {[%emt 0:00:23]} Bxe3 10. Qxe3 {[%emt 0:00:01]} a6 {[%emt 0:00:27]} 11. Nc3 {[%emt 0:00:02]} O-O {[%emt 0:00:04]} 12. g3 {[%emt 0:00:18]} Ne8 {[%emt 0:00:05]} 13. Bd3 {[%emt 0:00:01]} f5 {[%emt 0:00:03]} 14. exf5 {[%emt 0:00:05]} Bxf5 {[%emt 0:00:02]} 15. Nge2 {[%emt 0:00:04]} Bxd3 {[%emt 0:00:16]} 16. Qxd3 {[%emt 0:00:00]} Nf6 {[%emt 0:00:11]} 17. Ne4 {[%emt 0:00:14]} Nxe4 {[%emt 0:00:13]} 18. Qxe4 {[%emt 0:00:01]} b5 {[%emt 0:00:05]} 19. h4 {[%emt 0:00:07]} bxc4 {[%emt 0:00:06]} 20. h5 $17 {[%emt 0:00:04]} Ne7 {[%emt 0:00:01]} 21. f4 {[%emt 0:00:15]} Nf5 {[%emt 0:00:18]} 22. O-O-O {[%emt 0:00:06]} exf4 {[%emt 0:00:12]} 23. Nxf4 {[%emt 0:00:10]} Qf6 {[%emt 0:00:11]} 24. Qe6+ {[%emt 0:00:36]} Qxe6 {[%emt 0:00:09]} 25. Nxe6 {[%emt 0:00:01]} Rf7 {[%emt 0:00:01]} 26. Rhf1 {[%emt 0:00:07]} Nxg3 {[%emt 0:00:05]} 27. Rxf7 Kxf7 {[%emt 0:00:01]} 28. Kc2 {[%emt 0:00:09]} Nxh5 {[%emt 0:00:04]} 29. Rd4 {[%emt 0:00:02]} Nf6 {[%emt 0:00:02]} 30. Nxc7 {[%emt 0:00:02]} Rc8 {[%emt 0:00:02]} 31. Nxa6 {[%emt 0:00:07]} h5 {[%emt 0:00:02]} 32. Nb4 {[%emt 0:00:05]} g5 {[%emt 0:00:01]} 33. a4 {[%emt 0:00:04]} h4 {[%emt 0:00:02]} 34. a5 {[%emt 0:00:01]} h3 35. a6 g4 {[%emt 0:00:11]} 36. a7 {[%emt 0:00:02]} g3 {[%emt 0:00:03]} 37. Nc6 {[%emt 0:00:01]} Ra8 {[%emt 0:00:01]} 38. Rxc4 {[%emt 0:00:19]} g2 {[%emt 0:00:03]} 39. Rb4 {[%emt 0:00:01]} g1=Q {[%emt 0:00:03]} 40. Rb8 {[%emt 0:00:01]} Rxa7 {[%emt 0:00:02]} 0-1

[Event "RUS-ch Blitz Women 2018"]
[Site "Sochi"]
[Date "2018.10.07"]
[Round "20"]
[White "Bivol, Alina"]
[Black "Voit, Daria"]
[Result "1/2-1/2"]
[WhiteElo "2403"]
[BlackElo "2352"]
[Annotator "NA"]
[PlyCount "53"]
[EventDate "2018.10.07"]
[EventType "swiss"]
[EventCountry "RUS"]
[SourceTitle "playchess.com"]
[Source "ChessBase"]
[SourceQuality "1"]
[TimeControl "180+2"]

1. Nf3 {[%emt 0:00:00]} c5 {[%emt 0:00:00]} 2. g3 {[%emt 0:00:00]} b6 {[%emt 0:00:02]} 3. Bg2 {[%emt 0:00:02]} Bb7 {[%emt 0:00:00]} 4. c4 {[%emt 0:00:01]} Nf6 {[%emt 0:00:03]} 5. Nc3 {[%emt 0:00:01]} e6 {[%emt 0:00:01]} 6. O-O {[%emt 0:00:02]} Be7 {[%emt 0:00:04]} 7. e3 {[%emt 0:00:01]} O-O {[%emt 0:00:07]} 8. d4 {[%emt 0:00:02]} cxd4 {[%emt 0:00:01]} 9. exd4 {[%emt 0:00:01]} d5 {[%emt 0:00:01]} 10. Ne5 {[%emt 0:00:04]} Bb4 {[%emt 0:00:15]} 11. Bg5 {[%emt 0:00:07]} Bxc3 {[%emt 0:00:06]} 12. bxc3 {[%emt 0:00:02]} h6 {[%emt 0:00:01]} 13. Bxf6 {[%emt 0:00:11]} Qxf6 {[%emt 0:00:04]} 14. Qa4 {[%emt 0:00:11]} Rd8 {[%emt 0:00:06]} 15. Rab1 {[%emt 0:00:03]} Qe7 {[%emt 0:00:23]} 16. c5 {[%emt 0:00:53]} bxc5 {[%emt 0:00:11]} 17. dxc5 {[%emt 0:00:19]} Qc7 $16 {[%emt 0:00:01]} 18. Rfe1 {[%emt 0:00:02]} Bc6 {[%emt 0:00:35]} 19. Nxc6 {[%emt 0:00:18]} Qxc6 {[%emt 0:00:01]} 20. Qxc6 {[%emt 0:00:03]} Nxc6 {[%emt 0:00:01]} 21. c4 {[%emt 0:00:01]} Rac8 {[%emt 0:00:01]} 22. cxd5 {[%emt 0:00:02]} exd5 {[%emt 0:00:01]} 23. Rb7 {[%emt 0:00:13]} d4 {[%emt 0:00:03]} 24. Bxc6 {[%emt 0:00:12]} Rxc6 {[%emt 0:00:02]} 25. Ree7 {[%emt 0:00:06]} d3 {[%emt 0:00:37]} 26. Rxf7 {[%emt 0:00:11]} d2 {[%emt 0:00:08]} 27. Rxg7+ {[%emt 0:00:01]} 1/2-1/2

[Event "RUS-ch Blitz Women 2018"]
[Site "Sochi"]
[Date "2018.10.07"]
[Round "20"]
[White "Ambartsumova, Karina"]
[Black "Bodnaruk, Anastasia"]
[Result "0-1"]
[WhiteElo "2379"]
[BlackElo "2423"]
[Annotator "NA"]
[PlyCount "88"]
[EventDate "2018.10.07"]
[EventType "swiss"]
[EventCountry "RUS"]
[SourceTitle "playchess.com"]
[Source "ChessBase"]
[SourceQuality "1"]
[TimeControl "180+2"]

1. e4 {[%emt 0:00:02]} c5 {[%emt 0:00:00]} 2. Nf3 {[%emt 0:00:02]} d6 {[%emt 0:00:00]} 3. d4 {[%emt 0:00:01]} cxd4 {[%emt 0:00:01]} 4. Nxd4 {[%emt 0:00:00]} Nf6 {[%emt 0:00:01]} 5. Nc3 {[%emt 0:00:01]} a6 {[%emt 0:00:00]} 6. Be3 {[%emt 0:00:04]} e5 {[%emt 0:00:02]} 7. Nf3 {[%emt 0:00:05]} Qc7 {[%emt 0:00:01]} 8. a4 {[%emt 0:00:01]} Be7 {[%emt 0:00:05]} 9. a5 {[%emt 0:00:04]} Be6 {[%emt 0:00:15]} 10. Be2 {[%emt 0:00:05]} Nbd7 {[%emt 0:00:04]} 11. O-O {[%emt 0:00:04]} O-O {[%emt 0:00:01]} 12. Nd5 {[%emt 0:00:05]} Bxd5 {[%emt 0:00:11]} 13. exd5 {[%emt 0:00:01]} b5 {[%emt 0:00:19]} 14. axb6 {[%emt 0:00:24]} Nxb6 {[%emt 0:00:01]} 15. Bxb6 {[%emt 0:00:54]} Qxb6 16. b3 {[%emt 0:00:01]} a5 {[%emt 0:00:11]} 17. Bc4 {[%emt 0:00:10]} Ne4 {[%emt 0:00:04]} 18. Qe2 {[%emt 0:00:09]} Nc5 {[%emt 0:00:15]} 19. Nd2 {[%emt 0:00:01]} f5 {[%emt 0:00:05]} 20. Kh1 {[%emt 0:00:13]} Bf6 {[%emt 0:00:02]} 21. Ra2 {[%emt 0:00:07]} e4 {[%emt 0:00:06]} 22. Bb5 {[%emt 0:00:04]} Ra7 {[%emt 0:00:09]} 23. Bc6 {[%emt 0:00:04]} Qc7 {[%emt 0:00:16]} 24. Nc4 {[%emt 0:00:01]} f4 {[%emt 0:00:14]} 25. Nd2 {[%emt 0:00:21]} Qe7 {[%emt 0:00:09]} 26. Nc4 {[%emt 0:00:09]} Bc3 {[%emt 0:00:04]} 27. f3 {[%emt 0:00:06]} e3 {[%emt 0:00:09]} 28. g3 {[%emt 0:00:02]} Bd4 {[%emt 0:00:11]} 29. Kg2 {[%emt 0:00:04]} Rf6 {[%emt 0:00:09]} 30. Rxa5 {[%emt 0:00:10]} Rxa5 {[%emt 0:00:03]} 31. Nxa5 {[%emt 0:00:01]} fxg3 {[%emt 0:00:11]} 32. hxg3 {[%emt 0:00:06]} Rg6 {[%emt 0:00:10]} 33. b4 {[%emt 0:00:04]} Be5 {[%emt 0:00:17]} 34. f4 {[%emt 0:00:07]} Ne4 {[%emt 0:00:00]} 35. Rf3 {[%emt 0:00:04]} Bxf4 {[%emt 0:00:05]} 36. Rxf4 {[%emt 0:00:05]} Nxg3 {[%emt 0:00:03]} 37. Qf3 {[%emt 0:00:06]} e2 {[%emt 0:00:03]} 38. Bd7 {[%emt 0:00:03]} e1=Q {[%emt 0:00:07]} 39. Be6+ {[%emt 0:00:01]} Rxe6 {[%emt 0:00:01]} 40. dxe6 {[%emt 0:00:01]} Qe2+ {[%emt 0:00:04]} 41. Kxg3 {[%emt 0:00:04]} Qg5+ {[%emt 0:00:01]} 42. Rg4 {[%emt 0:00:02]} Qge5+ {[%emt 0:00:02]} 43. Qf4 {[%emt 0:00:04]} Q2e3+ {[%emt 0:00:01]} 44. Kg2 {[%emt 0:00:01]} Q3xf4 {[%emt 0:00:00]} 0-1